000 00305nam a22001337a 4500
008 170725b xxu||||| |||| 00| 0 eng d
020 _a9781848360327
041 _aeng
080 _22ND
_a004
100 _a29
101 _aSHKI
245 _aTHE ROUGH GUIDE TO THE IPHONE
_cBUCKLEY, P
942 _2udc
_cBK
999 _c21839
_d21839